000 00848nam a2200265Ia 4500
003 OSt
005 20221005081250.0
006 a|||||r|||| 00| 0
007 ta
008 221004b |||||||| |||| 00| 0 eng d
020 _a8123009917
024 _a50657
037 _cTextual
040 _aCRL
_cCRL
_beng
041 _2eng
_aeng
082 _aV2,2y7N25, P02
110 _aIndia, Government of. Ministry of Information and Broadcasting
_9147138
245 0 _aPrime Minister Atal Bihari Vajpayee
_b Selected speeches.V3.
260 _aNew Delhi
_bPublication Division Ministry of Information and Broadcasting
_c2002
300 _a406p.
_ccm.
650 _aHISTORY
700 _aIndia, Government of. Ministry of Information and Broadcasting
_9147139
942 _hV2,2y7N25, P02
_cTEXL
_2cc
999 _c987451
_d987451